000
00208 a2200097 4500
001
55301
100
_a
245
_a
Crochet with beads
260
_a
London
_b
New Haven
_c
2007
090
_c
34278
_d
34278
942
_a
NUST-CAE
_c
MONOGRAPH
_c
26978
999
_c
290374
_d
290374